Sports Quiz

Random Sports or MLB Quiz

MLB - 1970 Chicago Cubs All-Stars Quiz Stats

 Plays Quiz not verified by Sporcle

Challenge
Share
Tweet
Embed
Score 0/21 Timer 05:00
0 Plays Today
Position Player % Correct
1BErnie Banks
97.9%
3BRon Santo
97.1%
PFerguson Jenkins
96%
OFBilly Williams
95.2%
SSDon Kessinger
85.1%
CRandy Hundley
84%
2BGlenn Beckert
80.3%
1B/OFJim Hickman
61.4%
PKen Holtzman
54.3%
PMilt Pappas
47.3%
OF/1BJoe Pepitone
39.4%
Position Player % Correct
OFJohnny Callison
31.9%
PHoyt Wilhelm
31.6%
PPhil Regan
26.9%
OFTommy Davis
17.6%
PJuan Pizarro
10.9%
PLarry Gura
10.1%
PHank Aguirre
5.3%
OFJimmie Hall
4.5%
PJim Colborn
4%
PSteve Barber
3.2%

You're not logged in!

Compare scores with friends on all Sporcle quizzes.
Join for Free
OR
Log In

You Might Also Like...

Show Comments

Extras

Top Quizzes Today


Score Distribution

Your Account Isn't Verified!

In order to create a playlist on Sporcle, you need to verify the email address you used during registration. Go to your Sporcle Settings to finish the process.

Report this User

Report this user for behavior that violates our Community Guidelines.

Details: